[Event "aut_ychb16 Bad Ischl"]
[Site "?"]
[Date "2007.04.01"]
[Round "3.9"]
[White "Singer, Gerald"]
[Black "Stagl, Marco"]
[Result "1-0"]
[WhiteElo "1883"]
[BlackElo "1724"]
[PlyCount "104"]
[EventDate "2007.03.31"]

1. d4 Nf6 2. c4 g6 3. Nc3 d5 4. cxd5 Nxd5 5. e4 Nxc3 6. bxc3 Bg7 7. Bc4 c5 8.
Be3 Nc6 9. Ne2 O-O 10. O-O Qc7 11. Qc2 a6 12. a3 b5 13. Ba2 Bb7 14. Rac1 Rac8
15. h3 Qa5 16. Qb2 Ba8 17. Rfd1 b4 18. axb4 cxb4 19. c4 Rb8 20. Bb3 Qc7 21. Qc2
Qb7 22. d5 Na5 23. c5 Nxb3 24. Qxb3 Qb5 25. Nd4 Bxd4 26. Bxd4 a5 27. Ra1 Rfc8
28. c6 Bxc6 29. dxc6 Rxc6 30. Qa4 Ra6 31. Qxb5 Rxb5 32. Bb2 f6 33. Ra4 Kf7 34.
Kf1 Ke6 35. Ke2 Rc5 36. Rd2 Rac6 37. Bd4 Rg5 38. g3 Rh5 39. Rda2 Ra6 40. Rxb4
axb4 41. Rxa6+ Kd7 42. h4 Rb5 43. Rb6 Rxb6 44. Bxb6 Kc6 45. Bd4 Kb5 46. Kd3 e5
47. Bb2 Ka4 48. Kc4 h6 49. f4 exf4 50. gxf4 g5 51. hxg5 fxg5 52. fxg5 hxg5 1-0

[Event "aut_ychb16 Bad Ischl"]
[Site "?"]
[Date "2007.04.02"]
[Round "4.1"]
[White "Schreiner, Peter"]
[Black "Poetz, Florian"]
[Result "1/2-1/2"]
[WhiteElo "2057"]
[BlackElo "2061"]
[PlyCount "33"]
[EventDate "2007.03.31"]

1. e4 c5 2. c3 d5 3. exd5 Qxd5 4. d4 Nf6 5. Nf3 e6 6. Be2 Nc6 7. O-O cxd4 8.
cxd4 Be7 9. Nc3 Qd8 10. Be3 O-O 11. Bc4 b6 12. d5 exd5 13. Nxd5 Nxd5 14. Qxd5
Qxd5 15. Bxd5 Bb7 16. Rac1 Rac8 17. Rfd1 1/2-1/2

[Event "aut_ychb16 Bad Ischl"]
[Site "?"]
[Date "2007.04.02"]
[Round "4.2"]
[White "Wolfram, Kevin"]
[Black "Platzgummer, Fabian"]
[Result "1/2-1/2"]
[WhiteElo "1974"]
[BlackElo "2121"]
[PlyCount "178"]
[EventDate "2007.03.31"]

1. e4 d6 2. d4 Nf6 3. Nc3 e5 4. dxe5 dxe5 5. Qxd8+ Kxd8 6. a3 Bd6 7. f3 Be6 8.
Be3 Nbd7 9. Rd1 Ke7 10. Nd5+ Nxd5 11. exd5 Bf5 12. c4 a5 13. Ne2 a4 14. Ng3 Bg6
15. Bd3 Bxd3 16. Rxd3 g6 17. Ne4 f5 18. Ng5 Bc5 19. Ne6 Bxe3 20. Rxe3 c6 21.
dxc6 bxc6 22. Nf4 Rab8 23. Nd3 Rb3 24. Kd2 Rd8 25. Rc1 e4 26. fxe4 Ne5 27. Rc3
f4 28. Rh3 f3 29. Rxb3 axb3 30. Rxf3 Nxf3+ 31. gxf3 Kf6 32. Ke3 Kg5 33. f4+ Kf6
34. Nc5 Rd1 35. Nxb3 Rh1 36. e5+ Ke7 37. Nd4 Rxh2 38. b4 c5 39. Nc6+ Kd7 40. b5
Rh3+ 41. Ke4 Rxa3 42. Kd5 h5 43. e6+ Ke8 44. Ne5 h4 45. Ng4 Ke7 46. Kxc5 Kxe6
47. b6 Kf5 48. Nh2 Kxf4 49. b7 Rb3 50. Kc6 h3 51. Kc7 Kg3 52. b8=Q Rxb8 53.
Kxb8 Kxh2 54. c5 Kg3 55. c6 h2 56. c7 h1=Q 57. c8=Q Qb1+ 58. Ka7 Qa2+ 59. Kb6
Qf2+ 60. Ka6 Qf6+ 61. Kb7 g5 62. Qc7+ Qf4 63. Qe7 Qf3+ 64. Ka6 Qf1+ 65. Ka5
Qa1+ 66. Kb5 Qb2+ 67. Kc4 Qc2+ 68. Kd5 Qd3+ 69. Kc6 Qc3+ 70. Kd5 g4 71. Qd6+
Kg2 72. Ke6 Qe3+ 73. Kf5 g3 74. Kg4 Qf3+ 75. Kh4 Qe4+ 76. Kg5 Qe3+ 77. Kg4 Kh2
78. Qc7 Qe4+ 79. Kg5 Kg2 80. Qd6 Kf2 81. Qd2+ Kf1 82. Qd1+ Qe1 83. Qf3+ Kg1 84.
Kg4 Kh2 85. Qf4 Qe6+ 86. Kh4 Qg6 87. Qe5 Qh6+ 88. Kg4 Qh3+ 89. Kg5 Qf1 1/2-1/2

[Event "aut_ychb16 Bad Ischl"]
[Site "?"]
[Date "2007.04.02"]
[Round "4.3"]
[White "Halvax, Georg"]
[Black "Binder, Michael"]
[Result "1-0"]
[WhiteElo "2008"]
[BlackElo "1922"]
[PlyCount "45"]
[EventDate "2007.03.31"]

1. e4 c5 2. Nf3 d6 3. d4 cxd4 4. Nxd4 Nf6 5. Nc3 a6 6. Be3 e6 7. g4 e5 8. Nf5
g6 9. g5 gxf5 10. exf5 d5 11. Qf3 d4 12. O-O-O Nbd7 13. Bd2 Bb4 14. Bc4 dxc3
15. Bxc3 Bxc3 16. Qxc3 O-O 17. gxf6 Qxf6 18. Rhg1+ Kh8 19. Qg3 e4 20. Rd6 Qe5
21. Qg5 Nb6 22. Rd8 Bxf5 23. Qg8+ 1-0

[Event "aut_ychb16 Bad Ischl"]
[Site "?"]
[Date "2007.04.02"]
[Round "4.4"]
[White "Weber, Christoph"]
[Black "Zwanowetz, Thomas"]
[Result "1-0"]
[WhiteElo "2081"]
[BlackElo "1716"]
[PlyCount "41"]
[EventDate "2007.03.31"]

1. e4 e5 2. Nf3 Nf6 3. Nxe5 d6 4. Nf3 Nxe4 5. Nc3 Nxc3 6. dxc3 d5 7. Bd3 Bc5 8.
O-O Bg4 9. Re1+ Be7 10. Bg5 f6 11. Bf4 O-O 12. h3 Bh5 13. Bf5 c6 14. Qd3 h6 15.
Nd4 Bf7 16. Bxh6 Re8 17. Bxg7 Kxg7 18. Qg3+ Kf8 19. Qh4 Kg8 20. Qh7+ Kf8 21.
Qh8+ 1-0

[Event "aut_ychb16 Bad Ischl"]
[Site "?"]
[Date "2007.04.02"]
[Round "4.5"]
[White "Mayr, Michael"]
[Black "Newrkla, Katharina"]
[Result "1/2-1/2"]
[WhiteElo "1685"]
[BlackElo "1998"]
[PlyCount "98"]
[EventDate "2007.03.31"]

1. d4 Nf6 2. c4 g6 3. Nc3 Bg7 4. e4 d6 5. Bg5 O-O 6. Qd2 Na6 7. Nf3 c5 8. d5
Nc7 9. a4 a6 10. Bh6 e6 11. Bxg7 Kxg7 12. Bd3 exd5 13. cxd5 Re8 14. O-O Bd7 15.
a5 Nb5 16. Rfe1 Ng4 17. h3 Ne5 18. Nxe5 Rxe5 19. f4 Re8 20. e5 Nd4 21. Qf2 Nb3
22. Rad1 Qxa5 23. Ne4 dxe5 24. Nd6 exf4 25. Nxe8+ Rxe8 26. Rxe8 Bxe8 27. Qxf4
Qa4 28. Qe5+ Kg8 29. Re1 Bd7 30. d6 c4 31. Bc2 Qb4 32. Bxb3 cxb3 33. Rc1 Qb6+
34. Kh1 Bc6 35. Qf6 Qb5 36. Qd4 Qg5 37. Rxc6 bxc6 38. d7 Qd8 39. Qd6 c5 40. Kh2
f5 41. Qd5+ Kg7 42. Qc6 Kf7 43. Qd6 c4 44. Qxa6 Qxd7 45. Qxc4+ Qe6 46. Qc7+ Kg8
47. Qb8+ Kg7 48. Qc7+ Kh6 49. Qc1+ Kg7 1/2-1/2

[Event "aut_ychb16 Bad Ischl"]
[Site "?"]
[Date "2007.04.02"]
[Round "4.6"]
[White "Hartl, Daniel"]
[Black "Klocker, Samuel"]
[Result "1-0"]
[WhiteElo "1969"]
[BlackElo "1729"]
[PlyCount "59"]
[EventDate "2007.03.31"]

1. e4 e5 2. Nf3 Nc6 3. Bb5 a6 4. Ba4 Nf6 5. O-O b5 6. Bb3 Be7 7. Re1 O-O 8. c3
d5 9. exd5 Nxd5 10. Nxe5 Nxe5 11. Rxe5 c6 12. d4 Bd6 13. Re1 Qh4 14. g3 Qh3 15.
Bxd5 cxd5 16. Qf3 Bg4 17. Qxd5 Rfe8 18. Be3 Be6 19. Qg2 Qh5 20. Nd2 Bd5 21. f3
f5 22. Bf4 Bf8 23. h4 h6 24. Kf2 Re7 25. Rxe7 Bxe7 26. Re1 Kf7 27. a3 a5 28.
Re5 Rd8 29. Qf1 g5 30. Rxf5+ 1-0

[Event "aut_ychb16 Bad Ischl"]
[Site "?"]
[Date "2007.04.02"]
[Round "4.7"]
[White "Oitzl, Danijel"]
[Black "Singer, Gerald"]
[Result "0-1"]
[WhiteElo "1912"]
[BlackElo "1883"]
[PlyCount "69"]
[EventDate "2007.03.31"]

1. d4 d5 2. Nf3 Nf6 3. c4 c6 4. e3 Bg4 5. Qb3 Qc7 6. Ne5 e6 7. Nxg4 Nxg4 8. h3
Nf6 9. Bd2 Ne4 10. Bd3 f5 11. Nc3 Nd7 12. Rc1 Qb6 13. Nxe4 fxe4 14. Be2 Qxb3
15. axb3 Nf6 16. b4 Bd6 17. b5 cxb5 18. c5 Bc7 19. Bxb5+ Kf7 20. c6 b6 21. Ra1
a5 22. Ke2 Bd6 23. Rhb1 Ke7 24. Ra4 Rhb8 25. b4 Bxb4 26. Bxb4+ axb4 27. c7 Rc8
28. Rxa8 Rxa8 29. Ba6 Kd7 30. c8=Q+ Rxc8 31. Bxc8+ Kxc8 32. Rxb4 Nd7 33. f3 Kb7
34. fxe4 dxe4 35. g4 0-1

[Event "aut_ychb16 Bad Ischl"]
[Site "?"]
[Date "2007.04.02"]
[Round "4.8"]
[White "Spielleuthner, Simon"]
[Black "Gurdet, Daniel"]
[Result "1-0"]
[WhiteElo "1742"]
[BlackElo "1730"]
[PlyCount "111"]
[EventDate "2007.03.31"]

1. e4 e6 2. d4 d5 3. e5 c5 4. c3 Nc6 5. Be3 cxd4 6. cxd4 Qb6 7. Qd2 Bd7 8. Nc3
Nge7 9. Nf3 Nf5 10. a3 Na5 11. Rb1 Nb3 12. Qd1 Rc8 13. g3 Be7 14. Bh3 Nxe3 15.
fxe3 O-O 16. O-O f6 17. Nxd5 exd5 18. Bxd7 Rc7 19. Ba4 Na5 20. Qd3 Nc4 21. Bc2
g6 22. Bb3 fxe5 23. Nxe5 Qe6 24. Bxc4 dxc4 25. Qc3 Bf6 26. Nf3 Re8 27. Rbe1 Qg4
28. Nd2 Bg5 29. b4 b5 30. Rf2 Rce7 31. Rfe2 h5 32. Nf1 h4 33. Qc2 Qe4 34. Qxe4
Rxe4 35. Kf2 Rf8+ 36. Kg2 Rfe8 37. Kf3 R4e7 38. gxh4 Bxh4 39. Ng3 Bxg3 40. hxg3
Re4 41. Rh1 Kg7 42. Rh4 R4e7 43. e4 g5 44. Rg4 Kg6 45. e5 Rf8+ 46. Kg2 Rd8 47.
Rf2 Kh5 48. Re4 g4 49. Rf5+ Kg6 50. Rf6+ Kg5 51. Kf2 c3 52. Rc6 Rf7+ 53. Kg2
Rf3 54. e6 Rd3 55. Re5+ Kg6 56. e7+ 1-0

[Event "aut_ychb16 Bad Ischl"]
[Site "?"]
[Date "2007.04.02"]
[Round "4.9"]
[White "Stagl, Marco"]
[Black "Peschek, Marcel"]
[Result "0-1"]
[WhiteElo "1724"]
[BlackElo "1620"]
[PlyCount "96"]
[EventDate "2007.03.31"]

1. d4 d5 2. g3 e6 3. Bg2 Be7 4. Nf3 Nf6 5. O-O O-O 6. c4 c6 7. Qc2 Nbd7 8. Nbd2
Nb6 9. b3 Nbd7 10. Bb2 b6 11. e4 dxe4 12. Nxe4 Bb7 13. Nxf6+ Nxf6 14. Ne5 Qc7
15. Rad1 Rad8 16. Rd3 Nd7 17. Re1 Bf6 18. Ng4 Be7 19. Ne3 Nf6 20. Red1 Rd7 21.
Qe2 Rfd8 22. Ng4 Nxg4 23. Qxg4 Bf8 24. Bc1 g6 25. Bf4 Qc8 26. Bg5 Re8 27. h4 h5
28. Qf4 Bg7 29. Bf6 Bxf6 30. Qxf6 Qd8 31. Qe5 Qe7 32. Re1 Qd6 33. Qxd6 Rxd6 34.
Kf1 Red8 35. Red1 e5 36. d5 cxd5 37. Bxd5 Bxd5 38. Rxd5 Rxd5 39. Rxd5 Rxd5 40.
cxd5 Kf8 41. Ke2 Ke7 42. Kd3 Kd6 43. Kc4 a6 44. a3 f6 45. a4 g5 46. b4 g4 47.
b5 a5 48. f4 gxf3 0-1

[Event "aut_ychb16 Bad Ischl"]
[Site "?"]
[Date "2007.04.02"]
[Round "5.1"]
[White "Poetz, Florian"]
[Black "Wolfram, Kevin"]
[Result "1-0"]
[WhiteElo "2061"]
[BlackElo "1974"]
[PlyCount "57"]
[EventDate "2007.03.31"]

1. e4 c5 2. Nf3 Nc6 3. d4 cxd4 4. Nxd4 g6 5. Nc3 Bg7 6. Be3 Nf6 7. Bc4 O-O 8.
Bb3 a5 9. O-O d5 10. exd5 Nb4 11. Nde2 a4 12. Nxa4 Nfxd5 13. Bd4 e5 14. Bc5 Re8
15. c3 Nc6 16. Bxd5 Rxa4 17. Bxf7+ Kxf7 18. Qxa4 Kg8 19. Rad1 Qg5 20. Be3 Qe7
21. Ng3 Bf5 22. f3 Nd8 23. Nxf5 gxf5 24. Qd7 Ne6 25. Qxe7 Rxe7 26. Rd2 Kf7 27.
Rfd1 Ke8 28. Rd6 Bf6 29. a4 1-0

[Event "aut_ychb16 Bad Ischl"]
[Site "?"]
[Date "2007.04.02"]
[Round "5.2"]
[White "Schreiner, Peter"]
[Black "Halvax, Georg"]
[Result "0-1"]
[WhiteElo "2057"]
[BlackElo "2008"]
[PlyCount "80"]
[EventDate "2007.03.31"]

1. e4 d6 2. d4 g6 3. Bd3 Bg7 4. Ne2 e5 5. c3 Ne7 6. O-O O-O 7. f4 f5 8. exf5
Bxf5 9. Qb3+ Kh8 10. Bxf5 Nxf5 11. Qxb7 Nd7 12. Qe4 exd4 13. cxd4 Qf6 14. Rd1
Rae8 15. Qf3 Rxe2 16. Qxe2 Nxd4 17. Qf2 g5 18. Be3 Nf5 19. Nc3 Nxe3 20. Qxe3
gxf4 21. Qf2 Ne5 22. Nd5 Qh6 23. Kh1 Ng4 24. Qg1 Bxb2 25. Rab1 Be5 26. Rd3 Qg6
27. Rbb3 c5 28. Rf3 Qe4 29. Nc3 Qc4 30. Nb5 a6 31. Na3 Qe2 32. Rb7 Rg8 33. Qb1
Nf6 34. Qf1 Qxa2 35. Nc4 Qc2 36. Ra7 Rb8 37. Na3 Qe4 38. Qxa6 c4 39. Rf1 f3 40.
gxf3 Qe2 0-1

[Event "aut_ychb16 Bad Ischl"]
[Site "?"]
[Date "2007.04.02"]
[Round "5.3"]
[White "Platzgummer, Fabian"]
[Black "Weber, Christoph"]
[Result "1/2-1/2"]
[WhiteElo "2121"]
[BlackElo "2081"]
[PlyCount "95"]
[EventDate "2007.03.31"]

1. e4 c5 2. Nf3 d6 3. d4 cxd4 4. Nxd4 Nf6 5. Nc3 g6 6. Be3 Bg7 7. f3 O-O 8. Qd2
Nc6 9. O-O-O d5 10. Qe1 e5 11. Nxc6 bxc6 12. exd5 cxd5 13. Bg5 Be6 14. Bc4 Qc7
15. Bxf6 dxc4 16. Bxg7 Kxg7 17. h4 Rab8 18. Ne4 h6 19. g4 Rb5 20. Nc3 Rb7 21.
Nd5 Bxd5 22. Rxd5 Rxb2 23. Qxe5+ Qxe5 24. Rxe5 Rxa2 25. Kd2 Rd8+ 26. Kc3 Ra3+
27. Kxc4 Rxf3 28. Kb4 Rb8+ 29. Rb5 Rf4+ 30. c4 Rc8 31. Rc5 Rxc5 32. Kxc5 Rxg4
33. Kd5 Kf6 34. c5 Ke7 35. Ra1 Rxh4 36. Rxa7+ Kf6 37. c6 Rh1 38. c7 Rd1+ 39.
Kc6 Rc1+ 40. Kd7 Kf5 41. c8=Q Rxc8 42. Kxc8 g5 43. Rxf7+ Ke4 44. Rh7 g4 45.
Rxh6 g3 46. Re6+ Kf3 47. Rf6+ Ke2 48. Rg6 1/2-1/2

[Event "aut_ychb16 Bad Ischl"]
[Site "?"]
[Date "2007.04.02"]
[Round "5.4"]
[White "Newrkla, Katharina"]
[Black "Hartl, Daniel"]
[Result "1/2-1/2"]
[WhiteElo "1998"]
[BlackElo "1969"]
[PlyCount "62"]
[EventDate "2007.03.31"]

1. e4 d5 2. exd5 Nf6 3. d4 Bg4 4. f3 Bf5 5. Bb5+ Nbd7 6. c4 a6 7. Bxd7+ Qxd7 8.
Ne2 e6 9. dxe6 Bxe6 10. d5 O-O-O 11. Nbc3 Bf5 12. O-O Bc5+ 13. Kh1 h5 14. a3 h4
15. b4 Ba7 16. b5 Nh5 17. Qe1 Rde8 18. Qxh4 Bd3 19. Re1 Nf6 20. Qg3 Bxc4 21.
bxa6 Bxa6 22. Bd2 Bc5 23. Nf4 Reg8 24. Ne4 Nxe4 25. fxe4 g5 26. Nd3 Bd4 27.
Rac1 Bxd3 28. Qxd3 Be5 29. g3 Qh3 30. Re2 Bxg3 31. Bc3 Bf4 1/2-1/2

[Event "aut_ychb16 Bad Ischl"]
[Site "?"]
[Date "2007.04.02"]
[Round "5.5"]
[White "Binder, Michael"]
[Black "Spielleuthner, Simon"]
[Result "1-0"]
[WhiteElo "1922"]
[BlackElo "1742"]
[PlyCount "61"]
[EventDate "2007.03.31"]

1. e4 e5 2. Nf3 Nc6 3. Bb5 d6 4. d4 Bg4 5. d5 a6 6. Bd3 Nd4 7. Nbd2 Qf6 8. h3
Nxf3+ 9. Nxf3 Bxf3 10. Qxf3 g6 11. Qxf6 Nxf6 12. Be3 Bg7 13. c4 b6 14. Ke2 O-O
15. g4 Nd7 16. b4 a5 17. a3 Rfe8 18. Bc2 Ra6 19. Ba4 Rd8 20. Bb5 Ra7 21. Bxd7
Rxd7 22. c5 bxc5 23. bxc5 Ra8 24. c6 Rdd8 25. Rab1 Rdb8 26. Kd2 h6 27. Kc2 Kh7
28. Rxb8 Rxb8 29. Rb1 Rxb1 30. Kxb1 Bf6 31. Bb6 1-0

[Event "aut_ychb16 Bad Ischl"]
[Site "?"]
[Date "2007.04.02"]
[Round "5.6"]
[White "Singer, Gerald"]
[Black "Mayr, Michael"]
[Result "1/2-1/2"]
[WhiteElo "1883"]
[BlackElo "1685"]
[PlyCount "56"]
[EventDate "2007.03.31"]

1. d4 Nf6 2. c4 g6 3. Nc3 Bg7 4. e4 d6 5. f3 O-O 6. Be3 e5 7. Nge2 Nc6 8. d5
Ne7 9. Qd2 a5 10. Bh6 c6 11. Bxg7 Kxg7 12. g4 cxd5 13. cxd5 Nd7 14. Ng3 Nc5 15.
O-O-O h6 16. Be2 Bd7 17. Rdg1 Qc7 18. f4 exf4 19. Qxf4 Na4 20. Nh5+ gxh5 21.
gxh5+ Ng6 22. Qg3 Rac8 23. hxg6 f6 24. Kc2 b5 25. Kb1 Nxc3+ 26. bxc3 Qxc3 27.
Qxd6 Qc2+ 28. Ka1 Qc3+ 1/2-1/2

[Event "aut_ychb16 Bad Ischl"]
[Site "?"]
[Date "2007.04.02"]
[Round "5.7"]
[White "Zwanowetz, Thomas"]
[Black "Oitzl, Danijel"]
[Result "1/2-1/2"]
[WhiteElo "1716"]
[BlackElo "1912"]
[PlyCount "143"]
[EventDate "2007.03.31"]

1. e4 e6 2. d4 d5 3. Nc3 Nf6 4. Bg5 Bb4 5. e5 h6 6. Bd2 Nfd7 7. f4 c5 8. Nf3
Nc6 9. Ne2 Bxd2+ 10. Qxd2 a6 11. c3 b5 12. Ng3 cxd4 13. Nxd4 Nxd4 14. Qxd4 Qb6
15. Bd3 O-O 16. O-O Rb8 17. Rf2 Nc5 18. Bc2 b4 19. cxb4 Qxb4 20. Qxb4 Rxb4 21.
b3 a5 22. Rc1 Na6 23. Bd3 a4 24. Rfc2 Bb7 25. bxa4 Rxa4 26. Rb2 Rb4 27. Rcb1
Rxb2 28. Rxb2 Nc5 29. Be2 Ra8 30. Rb5 Rc8 31. a4 d4 32. Nf1 Bd5 33. Nd2 Nxa4
34. Bd3 Nc5 35. Bb1 d3 36. Kf2 Ne4+ 37. Nxe4 Bxe4 38. Ke3 Bxg2 39. Bxd3 Kf8 40.
Kf2 Bc6 41. Rc5 Bd7 42. Rxc8+ Bxc8 43. Ke3 Ke7 44. Ke4 Kd8 45. Bb5 Bd7 46. Bc4
Kc7 47. h4 Kb6 48. Kd4 Bb5 49. Bb3 g6 50. Bd1 h5 51. Bb3 Be8 52. Kc4 Bc6 53.
Bc2 Bd5+ 54. Kb4 Bc6 55. Kc4 Bb7 56. Ba4 Bc6 57. Bc2 Be8 58. Kb4 Bc6 59. Kc4
Bd5+ 60. Kb4 Kc7 61. Ba4 Kd8 62. Kc5 Be4 63. Bb5 Ke7 64. Kd4 Bf5 65. Bc4 f6 66.
Bb3 Bb1 67. Bc4 Bf5 68. Bb3 Kf7 69. Bd1 Bg4 70. Bc2 Bf5 71. Bd1 Ke7 72. Bb3
1/2-1/2

[Event "aut_ychb16 Bad Ischl"]
[Site "?"]
[Date "2007.04.02"]
[Round "5.8"]
[White "Peschek, Marcel"]
[Black "Klocker, Samuel"]
[Result "1-0"]
[WhiteElo "1620"]
[BlackElo "1729"]
[PlyCount "67"]
[EventDate "2007.03.31"]

1. e4 e5 2. Nf3 Nc6 3. d4 exd4 4. Nxd4 Bc5 5. Be3 Qf6 6. c3 Nge7 7. Bc4 Ne5 8.
Be2 Qg6 9. Bf3 O-O 10. O-O Nxf3+ 11. Qxf3 d5 12. exd5 Bg4 13. Qg3 Bd6 14. Bf4
Bxf4 15. Qxf4 Nxd5 16. Qg3 Rfe8 17. Nd2 Re7 18. Rfe1 Rae8 19. Rxe7 Rxe7 20. f3
Bd7 21. Qxg6 hxg6 22. Ne4 f5 23. Nc5 Bc8 24. Nd3 Re3 25. Rd1 b6 26. Kf2 c5 27.
Nc2 Re7 28. Nxc5 Nxc3 29. bxc3 bxc5 30. Rd8+ Kf7 31. Rxc8 Rb7 32. Ke2 Rb2 33.
Kd2 Rxa2 34. Rxc5 1-0

[Event "aut_ychb16 Bad Ischl"]
[Site "?"]
[Date "2007.04.02"]
[Round "5.9"]
[White "Gurdet, Daniel"]
[Black "Stagl, Marco"]
[Result "1-0"]
[WhiteElo "1730"]
[BlackElo "1724"]
[PlyCount "59"]
[EventDate "2007.03.31"]

1. e4 d5 2. exd5 Qxd5 3. Nc3 Qa5 4. d4 c6 5. Bc4 Bf5 6. Bd2 e6 7. Nf3 Nf6 8.
O-O Bb4 9. a3 Bxc3 10. Bxc3 Qc7 11. Re1 O-O 12. Nh4 Bg4 13. Qd2 Nbd7 14. h3 Bh5
15. g4 Bg6 16. Nxg6 hxg6 17. Qg5 Nd5 18. Bd2 N7b6 19. Bd3 Rad8 20. h4 Nf6 21.
c3 Rd5 22. Re5 Rfd8 23. Rae1 c5 24. Bf4 Qc8 25. h5 Nxh5 26. gxh5 f6 27. Qxg6
fxe5 28. Bxe5 Rxe5 29. dxe5 Rxd3 30. Qxd3 1-0

[Event "aut_ychb16 Bad Ischl"]
[Site "?"]
[Date "2007.04.03"]
[Round "6.1"]
[White "Platzgummer, Fabian"]
[Black "Poetz, Florian"]
[Result "1/2-1/2"]
[WhiteElo "2121"]
[BlackElo "2061"]
[PlyCount "55"]
[EventDate "2007.03.31"]

1. e4 d5 2. exd5 Qxd5 3. Nc3 Qa5 4. d4 Nf6 5. Nf3 Bf5 6. Ne5 c6 7. g4 Be6 8.
Bc4 Bxc4 9. Nxc4 Qd8 10. Be3 e6 11. g5 Nd5 12. Ne4 Nxe3 13. Nxe3 Be7 14. h4
Qa5+ 15. c3 Nd7 16. Qf3 c5 17. dxc5 Nxc5 18. Nxc5 Qxc5 19. O-O-O Qc7 20. Qg4
Bc5 21. Qa4+ Ke7 22. Rhe1 Bxe3+ 23. Rxe3 Rhd8 24. Red3 Rxd3 25. Rxd3 Qc6 26.
Qxc6 bxc6 27. Kd2 Rb8 28. b4 1/2-1/2

[Event "aut_ychb16 Bad Ischl"]
[Site "?"]
[Date "2007.04.03"]
[Round "6.2"]
[White "Weber, Christoph"]
[Black "Halvax, Georg"]
[Result "1-0"]
[WhiteElo "2081"]
[BlackElo "2008"]
[PlyCount "65"]
[EventDate "2007.03.31"]

1. e4 e5 2. Nf3 Nc6 3. Bb5 a6 4. Ba4 b5 5. Bb3 Bc5 6. c3 Qe7 7. O-O Nf6 8. d4
Bb6 9. Re1 Bb7 10. Nbd2 O-O 11. Nf1 b4 12. Ne3 bxc3 13. bxc3 exd4 14. Nd5 Qc5
15. cxd4 Nxd4 16. Be3 Nxf3+ 17. Qxf3 Qd6 18. Bf4 Qe6 19. Nxc7 Qg4 20. Nxa8 Bxa8
21. Be5 Bxe4 22. Qxg4 Nxg4 23. Rxe4 Nxf2 24. Bd4 Nxe4 25. Bxb6 Nc3 26. Re1 Nb5
27. Re7 d6 28. a4 Nc3 29. Ra7 Rb8 30. a5 d5 31. Rc7 d4 32. Rxf7 Kh8 33. Bc4 1-0

[Event "aut_ychb16 Bad Ischl"]
[Site "?"]
[Date "2007.04.03"]
[Round "6.3"]
[White "Hartl, Daniel"]
[Black "Schreiner, Peter"]
[Result "0-1"]
[WhiteElo "1969"]
[BlackElo "2057"]
[PlyCount "114"]
[EventDate "2007.03.31"]

1. e4 c5 2. Nf3 d6 3. Bc4 Nf6 4. d3 g6 5. c3 Bg7 6. O-O O-O 7. Re1 Qc7 8. Nbd2
e6 9. Nf1 a6 10. Bb3 Nc6 11. Bf4 b5 12. Qd2 Ne5 13. d4 Nxf3+ 14. gxf3 c4 15.
Bc2 e5 16. Be3 Bb7 17. d5 Qd7 18. Bh6 Qh3 19. Bxg7 Kxg7 20. Ng3 Qh4 21. Kh1 Bc8
22. Rg1 Bh3 23. Bd1 Nd7 24. Be2 Nc5 25. Bf1 Bd7 26. a4 Nb3 27. Qd1 Nxa1 28.
Qxa1 Kh8 29. Qa3 Qe7 30. Be2 f5 31. Ra1 f4 32. Nf1 Kg7 33. Nd2 Bh3 34. Bf1 Bxf1
35. Nxf1 Qc7 36. axb5 axb5 37. Qxa8 Rxa8 38. Rxa8 Qb6 39. Kg2 b4 40. Nd2 Qb7
41. Ra4 bxc3 42. bxc3 Kh6 43. Rxc4 Kg5 44. Rb4 Qc8 45. c4 Kh4 46. Rb1 h5 47.
Rb6 Qh3+ 48. Kg1 Qd7 49. Kg2 g5 50. Rb3 Qh3+ 51. Kg1 g4 52. Rc3 g3 53. fxg3+
fxg3 54. Nf1 gxh2+ 55. Nxh2 Qg3+ 56. Kh1 Kh3 57. f4 Qxc3 0-1

[Event "aut_ychb16 Bad Ischl"]
[Site "?"]
[Date "2007.04.03"]
[Round "6.4"]
[White "Mayr, Michael"]
[Black "Binder, Michael"]
[Result "0-1"]
[WhiteElo "1685"]
[BlackElo "1922"]
[PlyCount "56"]
[EventDate "2007.03.31"]

1. d4 Nf6 2. c4 g6 3. Nc3 Bg7 4. e4 d6 5. Bg5 O-O 6. Qd2 c6 7. h4 Nbd7 8. Bd3
Qc7 9. Bc2 e5 10. Nge2 Re8 11. O-O exd4 12. Nxd4 Nc5 13. Rfe1 Ne6 14. Nxe6 Bxe6
15. Bb3 Nd7 16. Rad1 Ne5 17. Qe2 h6 18. Be3 Qe7 19. f3 Qxh4 20. Rxd6 Bxc4 21.
Bxc4 Nxc4 22. Rd7 Nxe3 23. Qxe3 c5 24. Red1 Bd4 25. R7xd4 cxd4 26. Rxd4 Rad8
27. Nd5 Rc8 28. e5 Rc1+ 0-1

[Event "aut_ychb16 Bad Ischl"]
[Site "?"]
[Date "2007.04.03"]
[Round "6.5"]
[White "Newrkla, Katharina"]
[Black "Singer, Gerald"]
[Result "1-0"]
[WhiteElo "1998"]
[BlackElo "1883"]
[PlyCount "163"]
[EventDate "2007.03.31"]

1. e4 e6 2. d4 d5 3. Nc3 Bb4 4. Nge2 dxe4 5. a3 Bxc3+ 6. Nxc3 f5 7. Bf4 Nf6 8.
Qd2 c6 9. O-O-O Nbd7 10. f3 exf3 11. gxf3 Nb6 12. Rg1 Qe7 13. Qg2 g6 14. Bg5
Bd7 15. Qg3 O-O-O 16. Qe5 Rdf8 17. Bf4 Kd8 18. Qc7+ Ke8 19. Bd6 Qg7 20. Bxf8
Rxf8 21. Re1 Ke7 22. Bd3 Rc8 23. Qe5 Nbd5 24. Nxd5+ cxd5 25. Kb1 Qf8 26. h4 Kf7
27. Qe2 a6 28. Qd2 Qd8 29. Qh6 Qh8 30. Rg2 b5 31. Reg1 a5 32. Qd2 Qd8 33. Qh6
Qh8 34. Kc1 Bc6 35. Kd2 Bd7 36. Re1 Rb8 37. Qf4 Rc8 38. Rgg1 Qf8 39. Ke2 Bc6
40. Qd2 Qd8 41. Qh6 Qh8 42. Kf1 Bd7 43. Rg2 Nh5 44. Re5 Nf6 45. Qd2 Qd8 46. Kg1
Rb8 47. Re1 Rc8 48. Bf1 Ra8 49. Re3 Nh5 50. Rh2 Qb8 51. Rc3 Qg3+ 52. Qg2 Qf4
53. Qf2 Qc1 54. Rc7 Ke8 55. c3 Qf4 56. Rc5 Rb8 57. a4 b4 58. cxb4 Rxb4 59. Rxa5
Rxd4 60. Ra8+ Ke7 61. Qc2 Rc4 62. Bxc4 dxc4 63. Qf2 Qc1+ 64. Qf1 Qe3+ 65. Rf2
Bc6 66. Rh8 Bxf3 67. Rxh7+ Kf6 68. Qxc4 Nf4 69. Qc3+ Qxc3 70. bxc3 Nh3+ 71. Kf1
Nxf2 72. Kxf2 Bd5 73. Ke3 Ke5 74. a5 f4+ 75. Kf2 Bc4 76. Rc7 Ba6 77. Rc6 Bb7
78. Rb6 Bd5 79. Rb5 Kd6 80. a6 Kc6 81. Rxd5 exd5 82. Kf3 1-0

[Event "aut_ychb16 Bad Ischl"]
[Site "?"]
[Date "2007.04.03"]
[Round "6.6"]
[White "Peschek, Marcel"]
[Black "Wolfram, Kevin"]
[Result "0-1"]
[WhiteElo "1620"]
[BlackElo "1974"]
[PlyCount "58"]
[EventDate "2007.03.31"]

1. e4 c5 2. Nf3 Nc6 3. g3 g6 4. Bg2 Bg7 5. c3 e5 6. O-O Nf6 7. d3 O-O 8. c4 d6
9. Nc3 Be6 10. Ng5 Qd7 11. Nxe6 fxe6 12. f4 Rf7 13. Bh3 Ne8 14. Be3 exf4 15.
Rxf4 Bh6 16. Qc1 Bxf4 17. gxf4 Ng7 18. Ne2 Raf8 19. Qc3 Qe7 20. Rf1 Qh4 21. Bg2
e5 22. Rf3 exf4 23. Bf2 Qe7 24. a3 Ne5 25. b4 Nxf3+ 26. Bxf3 cxb4 27. axb4 Ne6
28. h4 g5 29. h5 g4 0-1

[Event "aut_ychb16 Bad Ischl"]
[Site "?"]
[Date "2007.04.03"]
[Round "6.7"]
[White "Spielleuthner, Simon"]
[Black "Zwanowetz, Thomas"]
[Result "0-1"]
[WhiteElo "1742"]
[BlackElo "1716"]
[PlyCount "48"]
[EventDate "2007.03.31"]

1. e4 e5 2. Nf3 Nc6 3. Bb5 f5 4. Nc3 Nf6 5. exf5 e4 6. Ng5 d5 7. Ne6 Bxe6 8.
fxe6 Bc5 9. O-O O-O 10. Bxc6 bxc6 11. d4 exd3 12. Qxd3 Ng4 13. Be3 Qh4 14. h3
Ne5 15. Qe2 d4 16. Na4 Bd6 17. f4 Ng6 18. e7 Qxe7 19. Qc4+ Kh8 20. Bxd4 Nxf4
21. Rae1 Qg5 22. Qxc6 Nxh3+ 23. Kh1 Qg3 24. Bg1 Nxg1 0-1

[Event "aut_ychb16 Bad Ischl"]
[Site "?"]
[Date "2007.04.03"]
[Round "6.8"]
[White "Stagl, Marco"]
[Black "Oitzl, Danijel"]
[Result "0-1"]
[WhiteElo "1724"]
[BlackElo "1912"]
[PlyCount "98"]
[EventDate "2007.03.31"]

1. d4 e6 2. c4 Nf6 3. g3 d5 4. Bg2 c6 5. Nf3 Be7 6. O-O Nbd7 7. Qc2 b6 8. Nbd2
Bb7 9. e4 dxe4 10. Nxe4 O-O 11. Rd1 Nxe4 12. Qxe4 Nf6 13. Qe2 Qc7 14. Bf4 Bd6
15. Bxd6 Qxd6 16. Ne5 Qc7 17. Rd2 Rac8 18. Rad1 Rfe8 19. c5 Nd7 20. b4 b5 21.
f4 a5 22. a3 Nf6 23. Rd3 axb4 24. axb4 Ra8 25. Qf3 Nd5 26. Rb1 Ra2 27. Ra3 Rxa3
28. Qxa3 Ra8 29. Qb2 Ra4 30. Nd3 Qb8 31. Bxd5 exd5 32. Ne5 Qe8 33. Re1 f6 34.
Nd3 Qh5 35. Qf2 Ra3 36. Qe3 h6 37. Qe6+ Kh7 38. g4 Qg6 39. Nf2 h5 40. Qe7 hxg4
41. Qxb7 g3 42. hxg3 Rxg3+ 43. Kf1 Rg1+ 44. Ke2 Qc2+ 45. Kf3 Rxe1 46. Qc8 Qe2+
47. Kg2 Qe6 48. Qa6 Re2 49. Kg3 Qe3+ 0-1